Movies Quiz

Random Movies or Actress Quiz

Oscar Best Actresses Quiz Stats

 Plays Quiz Updated Apr 25, 2021

Support Sporcle.
Go Orange.
Score 0/94 Timer 10:00
1 Play Today
Year Actress % Correct
2011Meryl Streep
95.3%
2000Julia Roberts
93.1%
2020Frances McDormand
91.1%
1982Meryl Streep
90.4%
1988Jodie Foster
90.1%
1991Jodie Foster
90.1%
1999Hilary Swank
88.7%
2004Hilary Swank
88.7%
2016Emma Stone
88.2%
2001Halle Berry
88%
2012Jennifer Lawrence
87.8%
1953Audrey Hepburn
87.5%
2005Reese Witherspoon
87.1%
2017Frances McDormand
85.7%
1932-1933Katharine Hepburn
85.5%
1967Katharine Hepburn
85.5%
1981Katharine Hepburn
85.5%
1968Katharine Hepburn
85.5%
1998Gwyneth Paltrow
84.8%
2003Charlize Theron
83.8%
1964Julie Andrews
82.8%
2006Helen Mirren
82.6%
2013Cate Blanchett
82.5%
2002Nicole Kidman
81.6%
1997Helen Hunt
81.4%
1987Cher
81.1%
2019Renée Zellweger
81%
2008Kate Winslet
80.3%
2014Julianne Moore
78.1%
1990Kathy Bates
77.9%
1977Diane Keaton
77.9%
2018Olivia Colman
75.5%
Year Actress % Correct
2015Brie Larson
75.2%
1995Susan Sarandon
73.9%
1960Elizabeth Taylor
73.3%
1966Elizabeth Taylor
73.3%
1996Frances McDormand
72.8%
1968Barbra Streisand
72.6%
2009Sandra Bullock
71.2%
1939Vivien Leigh
70.9%
1951Vivien Leigh
70.9%
1971Jane Fonda
70.3%
1978Jane Fonda
70.3%
1979Sally Field
70%
1984Sally Field
70%
1972Liza Minnelli
68.7%
1935Bette Davis
68.4%
1938Bette Davis
68.4%
1989Jessica Tandy
68%
1993Holly Hunter
67.9%
1980Sissy Spacek
66.5%
2010Natalie Portman
65.9%
2007Marion Cotillard
64.7%
1969Maggie Smith
61.7%
1992Emma Thompson
61.4%
1983Shirley MacLaine
61.3%
1944Ingrid Bergman
58.7%
1956Ingrid Bergman
58.7%
1976Faye Dunaway
56.3%
1994Jessica Lange
55.4%
1945Joan Crawford
54.8%
1986Marlee Matlin
54%
1954Grace Kelly
53.7%
1975Louise Fletcher
51.1%
Year Actress % Correct
1962Anne Bancroft
48.9%
1970Glenda Jackson
48.3%
1973Glenda Jackson
48.3%
1934Claudette Colbert
48.1%
1946Olivia de Havilland
46.9%
1949Olivia de Havilland
46.9%
1961Sophia Loren
45.5%
1974Ellen Burstyn
44.6%
1943Jennifer Jones
42.8%
1965Julie Christie
41.7%
1942Greer Garson
41%
1957Joanne Woodward
40.8%
1940Ginger Rogers
40.5%
1985Geraldine Page
39%
1941Joan Fontaine
38.6%
1963Patricia Neal
37.7%
1928-1929Mary Pickford
37.3%
1936Luise Rainer
36.8%
1937Luise Rainer
36.8%
1958Susan Hayward
34.4%
1950Judy Holliday
33.4%
1948Jane Wyman
32.8%
1931-1932Helen Hayes
32.6%
1927-1928Janet Gaynor
32.3%
1947Loretta Young
30.4%
1929-1930Norma Shearer
29.9%
1959Simone Signoret
29.5%
1952Shirley Booth
29.4%
1955Anna Magnani
29.1%
1930-1931Marie Dressler
27.3%

From the Vault

N.Y. Times #1 Fiction Authors

by Matt

If you happen to get stuck in an airport during this holiday travel season, you'll see many of these authors on books everywhere.
Remove Ads.
Support Sporcle.
Get the best of Sporcle when you Go Orange. This ad-free experience offers more features, more stats, and more fun while also helping to support Sporcle. Thank you for becoming a member.

Show Comments

Extras

Top Quizzes Today


Score Distribution

Your Account Isn't Verified!

In order to create a playlist on Sporcle, you need to verify the email address you used during registration. Go to your Sporcle Settings to finish the process.

Report this User

Report this user for behavior that violates our Community Guidelines.

Details: